01553nab a22002417a 4500999001500000003000400015005001700019008004100036040000700077100003800084245008200122260007300204300001200277500003500289505067900324505007101003650002801074650001501102650001901117650001501136773014701151942001301298 c4399d4399OSt20220622093739.0190604e xxu||||| |||| 00| 0 spa d cPJ 95693aLeiva Fernández, Lucas P.10aVerwirkung : bla teoría del retraso desleal /cLucas P. Leiva Fernández. aCiudad Autónoma de Buenos Aires :bThomson Reuters La Ley, c2020. ap. 5-20 aCita Online: AR/DOC/3546/2020. aSumario: I. Introducción.— II. Concepto.— III. El laches anglosajón y el retraso desleal en derecho comparado.— IV. Antecedentes en el derecho argentino y la analogía con el vicio de la sorpresa.— V. ¿Puede ejercerse de oficio el retraso desleal por medio del abuso del derecho? Similitudes y diferencias entre el “retraso desleal” y la prescripción liberatoria y la caducidad.— VI. El retraso desleal: conducta, deber de coherencia, teoría de los actos propios y el principio de confianza.— VII. La función preventiva del daño en relación con el Verwirkung o re-traso desleal.— VIII. Conclusiones de la Verwirkung o “retraso desleal”  tSi te interesa el texto, comunicate: koha@justierradelfuego.gov.ar 092522aABUSO DEL DERECHO 092725aMORA 09533aINTERESES 0aINTIMACION0 0271493171dCiudad Autónoma de Buenos Aires : Thomson Reuters La Ley, 2014-tRevista anales de legislación argentina. Nº 2 - Febrero 2021 2udccANA